000 00559nam a2200205Ia 4500
005 20230116133446.0
008 131103s9999 xx 000 0 und d
040 _aLoreto College
041 _aEnglish
082 _a821.509
_bTRI
100 _aTrickett,Richel
245 4 _aThe honest muse
_b a study in Augustan verse
_cRaehel Trickett
260 _aOxford
_bClarendon Press
_c1967
300 _aviii,309 p.
504 _aIncludes appendix and index
650 _aEnglish Poetry
651 _a17th Century - Poets
850 _aLCLIB
942 _cBK
999 _c13195
_d63674